| 000 | 00000nas 2200000za 4500 |
| 001 | 9.819475 |
| 003 | CaOODSP |
| 005 | 20221107142953 |
| 007 | cr ||||||||||| |
| 008 | 160615d19921998oncar p o f000#a0eng|d |
| 040 | |aCaOODSP|beng |
| 043 | |an-cn--- |
| 086 | 1 |aCC171-26E-PDF|zBT31-2/1998-III-15E-PDF |
| 110 | 1 |aCanada.|bAtomic Energy Control Board. |
| 245 | 10|aEstimates. |nPart III, |pExpenditure plan |h[electronic resource] / |cAtomic Energy Control Board. |
| 246 | 30|aExpenditure plan |
| 246 | 15|aBudget des dépenses. |nPartie III, |pPlan de dépenses |
| 260 | |aOttawa : |bAtomic Energy Control Board, |c[1991?-1997]. |
| 310 | |aAnnual |
| 362 | 1 |aBegan with 1991/92? issue; ceased with: 1997/98. |
| 500 | |aIssued also in French under title: Budget des dépenses. Partie III, Plan de dépenses. |
| 580 | |aSplit into: Canada. Atomic Energy Control Board. Performance report for the period ending March 31, ...; and, Canada. Atomic Energy Control Board. Estimates. Part III, Report on plans and priorities. |
| 692 | 07|2gccst|aNuclear energy |
| 692 | 07|2gccst|aExpenditures |
| 775 | 08|tBudget des dépenses. |w(CaOODSP)9.819476 |
| 785 | 00|tEstimates. |w(CaOODSP)9.819478 |